Normal view
MARC view
Entry Personal Name
001 - CONTROL NUMBER
- control field: 51878
003 - CONTROL NUMBER IDENTIFIER
- control field: ARRUPE
005 - DATE AND TIME OF LATEST TRANSACTION
- control field: 20221121111146.0
008 - FIXED-LENGTH DATA ELEMENTS
- fixed length control field: 221121|| aca||aabn | a|a d
040 ## - CATALOGING SOURCE
- Original cataloging agency: ARRUPE
- Transcribing agency: ARRUPE
100 ## - HEADING--PERSONAL NAME
- Personal name: Tillich, Paul,
- Dates associated with a name: 1886-1965
670 ## - SOURCE DATA FOUND
- Source citation: Work cat.: (ARRUPE)131546: Tillich, Paul, 1886-1965., The courage to be /, 1977, c1952